Štúdium mikroštruktúry zliatin v systéme Zn-Mg-Y

Gespeichert in:
Bibliographische Detailangaben
1. Verfasser: Ondruška, Peter (Verfasst von)
Weitere Verfasser: Adamech, Marek (Betreuung Doktorarbeit)
Format: Manuskript Buch
Sprache:Slowakisch
Veröffentlicht: 2015
Schlagworte:
Online-Zugang:http://is.stuba.sk/zp/portal_zp.pl?podrobnosti=96409
Tags: Tag hinzufügen
Keine Tags, Fügen Sie das erste Tag hinzu!

MARC

LEADER 00000ntm a22000003a 4500
001 stuzp51254
003 SK-STU
005 20160719153811.2
007 ta
008 150427s2015----xo-----f-mn---000-0-slo-d
040 |a STU  |b slo 
041 0 |a slo 
100 1 |a Ondruška, Peter  |u 061000  |4 aut  |U MTF Materiálovotechnologická fakulta  |T MTF Ústav materiálov  |X 46988  |U M1000  |Y 81  |7 46988 
242 0 1 |a Study of microstructure in Zn-Mg-Y alloys system  |y eng 
245 1 0 |a Štúdium mikroštruktúry zliatin v systéme Zn-Mg-Y 
260 |c 2015 
650 4 |a kvázikryštály  |2 slo 
650 4 |a systém Zn-Mg-Y  |2 slo 
650 4 |a mikroštruktúrna analýza  |2 slo 
650 4 |a štruktúrne komplexné fázy  |2 slo 
650 4 |a microstructural analysis  |2 eng 
650 4 |a structurally complex phases  |2 eng 
650 4 |a quasicrystals  |2 eng 
650 4 |a Zn-Mg-Y system  |2 eng 
700 1 |a Adamech, Marek  |4 ths  |X 59730  |7 A000059730 
856 4 |u http://is.stuba.sk/zp/portal_zp.pl?podrobnosti=96409 
996 |c M* BP-7173  |l MMSKP  |s P  |a 0  |w stuzp51254_0001 
SQL |a stuzp51254  |b DBP  |c SLO  |d Štúdium mikroštruktúry zliatin v systéme Zn-Mg-Y  |e 46988  |f Ondruška, Peter  |g 061000  |h 59730  |i Adamech, Marek  |j 20150623  |k 665  |l 06  |m http://is.stuba.sk/zp/portal_zp.pl?podrobnosti=96409  |n B-MI  |o 5.2.26. materiály